Kraje Europy przed I wojną światową - Statystyki

Ogólne statystyki
  • Ten quiz został rozwiązany 3 667 razy
  • Średni wynik to 24 z 25
Odpowiedzi na mapie
Odpowiedzi zakodowano w zielono-czerwonej skali na mapie do tego quizu, zgodnie z poniższymi procentami.
 
Statystyki odpowiedzi
Odpowiedź % Poprawnych
Imperium Niemieckie
99%
Imperium Rosyjskie
99%
Francja
98%
Wielka Brytania
98%
Hiszpania
97%
Norwegia
97%
Portugalia
97%
Szwecja
97%
Włochy
97%
Belgia
96%
Dania
96%
Holandia
96%
Grecja
95%
Szwajcaria
94%
Luksemburg
93%
Rumunia
93%
Albania
92%
Bułgaria
92%
Andora
91%
San Marino
91%
Serbia
91%
Monako
90%
Liechtenstein
89%
Austro-Węgry
88%
Czarnogóra
85%
Nie znaleziono quizów pasujących do podanych kryteriów
Rozkład punktacji
Procent ludzi z każdym wynikiem
Percentyl według liczby udzielonych odpowiedzi
Twoja historia wyników
Nie rozwiązałeś tego quizu